000
00270nam a2200097Ia 4500
001
1253506
005
20251031150955.0
008
251031s9999 xx 000 0 und d
245
0
_c
DİDEM DEMİREL
_a
V-15 HARİZMİ VE UÇMAKTAN KORKAN TIRTIL
260
_b
TİMAŞ YAYINLARI
999
_c
1253506
_d
1253506